| 000 | 02614nam a2200289 a 4500 | ||
|---|---|---|---|
| 001 | ASIN185383503X | ||
| 005 | 20170105102848.0 | ||
| 008 | 130819s2009 xxu eng d | ||
| 020 |
_a185383503X (paperback) _c$47.50 |
||
| 020 | _a9781853835032 (paperback) | ||
| 040 | _a0 | ||
| 050 | 0 | 4 | _aHC79.E5 |
| 082 | 0 | 4 | _a341.762 |
| 245 | 1 | 0 |
_aFuture generations and international law / _cEmmanuel Agius, Salvino Busuttil. |
| 260 |
_a[S.l.] : _bRoutledge, _c2009. |
||
| 300 |
_a226 p. ; _c24 cm. |
||
| 490 | 1 | _aEarthscan law and sustainable development series. | |
| 520 | _aSustainable development requires consideration of the quality of life that future generations will be able to enjoy, and as the adjustment to sustainable lifestyles gathers momentum, the rights of future generations and our responsibility for their wellbeing is becoming a central issue. In this, the first book to address this emerging area of international law, leading experts examine the legal and theoretical frameworks for representing and safeguarding the interests of future generations in current international treaties. This unique volume will be required reading for academics and students of international environmental law and policy. Emmanuel Agius is Senior Lecturer at the Faculty of Theology and Coordinator of the Future Generations Programme at the Foundation for International Studies, University of Malta. Salvino Busuttil is former Director General of the Foundation for International Studies. Future Generations and International Law is the seventh volume in the International Law and Sustainable Development series, co-developed with FIELD. The series aims to address and define the major legal issues associated with sustainable development and to contribute to the progressive development of international law. Other titles in the series are: Greening International Law, Interpreting the Precautionary Principle, Property Rights in the Defence of Nature, Improving Compliance with International Environmental Law, Greening International Institutions and Quotas in International Environmental Agreements. 'A legal parallel to the Blueprint series - welcome, timely and provocative' David Pearce Originally published in 1997. | ||
| 650 | 0 | _aEnvironmental law, International | |
| 650 | 0 | _aInternational law | |
| 650 | 0 | _aSustainable development--Law and legislation | |
| 700 | 1 | _aAgius, Emmanuel. | |
| 700 | 1 | _aBusuttil, Salvino. | |
| 830 | 0 | _aEarthscan law and sustainable development series. | |
| 856 | 4 | 0 |
_3Amazon.com _uhttp://www.amazon.com/exec/obidos/ASIN/185383503X/chopaconline-20 |
| 942 |
_2ddc _cBK |
||
| 999 |
_c14132 _d14132 |
||